000
00317 a2200157 4500
001
180261
020
_a
040
_c
Magnum
100
_a
Condemarin, Mabel
240
1
0
_a
Cada dia um jogo
_l
por
245
1
0
_a
Cada dia um jogo
362
0
_a
1899
440
1
_a
Loyola
697
_a
MAGNITO: ENSINO
942
_c
BK
999
_c
180261
_d
180261